| 000 | 00772nam a2200217 i 4500 | ||
|---|---|---|---|
| 001 | 95481 | ||
| 003 | ES-MaACL | ||
| 005 | 20250927121451.0 | ||
| 007 | t| | ||
| 008 | 050530s1981 sp ||||1| spa d | ||
| 100 | 1 |
_aLlamazares, Rafael. _972677 |
|
| 245 | 1 | 3 |
_aLa poesía de Juan Alcaide _b: temática y lenguaje / _cRafael Llamazares. |
| 260 |
_aValdepeñas (Ciudad Real) : _bAyuntamiento de Valdepeñas, _c1981. |
||
| 300 |
_a178 p. ; _c20 cm. |
||
| 490 | 1 |
_aColeccion "Juan Alcaide" ; _v2 |
|
| 600 | 1 | 7 |
_aAlcaide Sánchez, Juan, _d1907-1951- _xCrítica e interpretación _2 _9160948 |
| 710 | 1 |
_aValdepeñas. _bAyuntamiento. _97530 |
|
| 830 | 0 |
_aColección "Juan Alcaide" _v2 _9182027 |
|
| 852 |
_aES-MaACL _jL-1670 _bR.102566 |
||
| 999 |
_c95481 _d95481 |
||